| 000 | 00719 a2200169 4500 | ||
|---|---|---|---|
| 003 | Nust | ||
| 005 | 20230201101112.0 | ||
| 040 | _cNust | ||
| 082 | _a808.83,LAM | ||
| 100 |
_aTomasi Di Lampedusa, Giuseppe, _9108333 |
||
| 245 |
_aThe leopard / _cGiuseppe Di Lampedusa, _hTranslated from the Italian by Archibald Colquhoun. |
||
| 260 |
_aNew York _bPantheon _c1960 |
||
| 300 |
_a319 p. _b22 cm. |
||
| 505 | _aIntroduction to the Prince (Page-9), Donnafugata (Page-49), The Troubles of Don Fabrizio (Page-86), Love At Donnafugata (Page-126), Father Pirrone Pays a Visit (Page-175), A Ball (Page-196), Death of a Prince (Page-221), Relics (Page-234). | ||
| 650 |
_aTaly --Fiction. _9108334 |
||
| 942 |
_2ddc _cBK _k808.83,LAM |
||
| 999 |
_c190999 _d190999 |
||